Les évènements tout au long de l'année dans les jeux Animal Crossing - Statistiques

Statistiques générales
  • Ce quiz a été pris 9 fois
  • Le résultat moyen est 6 sur 63
Statistiques - réponses
Jeu de première apparition Dernier jeu d'apparition Période Evènements qui ont lieu tout au long de l'année dans Animal Crossing % Correct
Let's Go to the City New Horizons Entre début février et début mars Carnaval
86%
Doubutsu no Mori New Horizons 31 octobre Halloween
86%
Doubutsu no Mori New Horizons 14 février Saint-Valentin
71%
Doubutsu no Mori New Horizons Date d'anniversaire du joueur ou du villageois Anniversaire
57%
Doubutsu no Mori New Horizons Tous les samedis et dimanches d'août Spectacle de feux d'artifice
43%
Doubutsu no Mori New Horizons 1er janvier Jour de l'An
29%
Animal Crossing New Horizons 1er avril Poisson d'avril
29%
New Horizons New Horizons Tout au long de l'année Tournoi de pêche
29%
New Horizons New Horizons 1er mai 1er mai
14%
Animal Crossing New Horizons Deuxième dimanche de mai mais peut varier selon les régions Fête des mères
14%
Animal Crossing New Horizons Troisième dimanche de juin mais peut varier selon les régions Fête des pères
14%
Wild World Wild World Deuxième semaine d'octobre Fête du Gland
14%
New Leaf New Leaf 2 mars en Corée du SudDernier vendredi d'avril en Amérique du Nord Dernier samedi d'avril en Europe et en Australie 3 septembre au Japon Jour du Désherbage
14%
Wild World Let's Go to the City 1er samedi du mois (hors janvier et août)4ème dimanche du mois (hors août) Marché aux puces
14%
New Horizons New Horizons Du 1er au 30 juin Saison des mariages
14%
Let's Go to the City New Horizons 21 juin Solstice d'été
14%
Let's Go to the City New Horizons 21 décembre Solstice d'hiver
14%
Wild World New Horizons Eté (de juin à septembre pour l'hémisphère nord, et de novembre à février pour l'hémisphère sud) Bug-Off
0%
Doubutsu no Mori New Horizons Quatrième vendredi de novembre Coin du vendredi
0%
Doubutsu no Mori New Horizons 31 décembre Compte à rebours
0%
Animal Crossing Doubutsu no Mori e+ Du 15 au 24 janvier et du 12 au 21 février Demande du phare de Tortimer
0%
Doubutsu no Mori New Horizons Tout au long de l'année Etirements en groupe
0%
Let's Go to the City New Horizons Février ou mars, deux jours avant le mercredi des Cendres Festival
0%
New Horizons New Horizons Toutes les deux semaines Festival de musique
0%
Doubutsu no Mori Doubutsu no Mori e+ Première semaine d'avril Festival des Cerisiers en fleurs
0%
Animal Crossing Doubutsu no Mori e+ Jour de juillet aléatoire selon le jeu Fête de la Ville
0%
Wild World Wild World Deuxième semaine d'avril Fête des Fleurs
0%
Doubutsu no Mori Doubutsu no Mori e+ 20 ou 21 mars (printemps), et22 ou 23 septembre (automne) Foire aux Sports
0%
Animal Crossing Doubutsu no Mori e+ 1er mai Grand Nettoyage de Printemps
0%
Doubutsu no Mori+ New Horizons 7 janvier Jinjitsu
0%
Animal Crossing New Horizons 2 février Jour de la Marmotte
0%
Doubutsu no Mori+ Doubutsu no Mori+ 29 avril Jour de la Verdure Fraîche
0%
Animal Crossing Doubutsu no Mori e+ 1er décembre Jour de Neige
0%
Animal Crossing Doubutsu no Mori+ Deuxième vendredi de juin Jour de remise des diplômes
0%
Animal Crossing Doubutsu no Mori+ 21 août Jour des Fondateurs
0%
Doubutsu no Mori+ Doubutsu no Mori+ 3 novembre Jour d'hiver
0%
Doubutsu no Mori+ New Horizons 3 février Jour du Haricot
0%
Doubutsu no Mori+ Doubutsu no Mori+ Equinoxe de printemps (20 ou 21 mars) Jour du Printemps
0%
Doubutsu no Mori+ Doubutsu no Mori+ 3 mai Jour du Souvenir des Déchets
0%
Let's Go to the City New Leaf 29 février Journée bissextile
0%
Doubutsu no Mori+ Doubutsu no Mori+ Equinoxe d'automne (20 ou 21 septembre) Journée d'automne
0%
Animal Crossing New Horizons Quatrième jeudi de novembre Journée de la Dinde
0%
Doubutsu no Mori+ Doubutsu no Mori+ Deuxième lundi de janvier Journée de l'Age Adulte
0%
Doubutsu no Mori+ New Horizons 20 juillet Journée de la Marine
0%
Animal Crossing New Horizons Entre le 22 avril et le 4 mai selon les jeux Journée de la Nature
0%
Animal Crossing New Leaf Deuxième lundi d'octobre Journée de l'Explorateur
0%
Doubutsu no Mori New Horizons 5 mai Journée des Enfants
0%
Animal Crossing Doubutsu no Mori e+ 11 novembre Journée des Officiers
0%
Doubutsu no Mori New Horizons 24 décembre Journée du Jouet
0%
Let's Go to the City New Horizons Pâques (entre le 22 mars et le 25 avril) Journée du Lapin
0%
Doubutsu no Mori+ Doubutsu no Mori e+ Lendemain du premier lundi de novembre Journée du Maire
0%
New Horizons New Horizons Du 18 au 31 mai Journée internationale des musées
0%
Wild World Wild World Deuxième samedi de janvier, mars, mai, juillet, septembre et novembre La Di-Day
0%
Doubutsu no Mori New Horizons 15ème jour du 8ème mois lunaire/ Pleine lune la plus proche de l'équinoxe d'automne, donc entre septembre et octobre Lune d'Automne
0%
Doubutsu no Mori Doubutsu no Mori+ 13ème jour du 9ème mois lunaire, donc entre octobre et novembre Nuit de la Treizième Lune
0%
Wild World Wild World Deuxième semaine de février Nuits lumineuses
0%
Doubutsu no Mori New Horizons Tous les samedis Performance en direct
0%
Animal Crossing New Horizons 12 août puis aléatoirement Pluie de météores
0%
New Horizons New Horizons Du 15 décembre au 6 janvier Saison des Fêtes
0%
Doubutsu no Mori Doubutsu no Mori e+ De janvier à février et de juin à août Saison du camping
0%
Doubutsu no Mori Doubutsu no Mori e+ Dernier jour de chaque mois Tombola
0%
Doubutsu no Mori Doubutsu no Mori e+ Jour aléatoire Vente d'un jour
0%
Wild World Wild World Quatrième dimanche de janvier, mas, mai, juillet, septembre et novembre Yay Day
0%
Aucun quiz correspondant
Distribution des résultats
% des personnes avec chaque résultat
Percentile par nombre de réponses
Votre historique - résultats
Vous n’avez pas pris ce quiz